000 00236nam a2200121Ia 4500
100 _a#N/A
650 _aComputer/ IT
942 _cBK
654 _aVIRTUALISATION
245 _aVIRTUALISATION; XEN
260 _b#N/A
546 _aENGLISH
999 _c24586
_d24586